书目信息 |
| 题名: |
经济增长与反通货膨胀的国际比较研究
|
|
| 作者: | 史晋川 , 罗卫东 著 | |
| 分册: | ||
| 出版信息: | 杭州 杭州大学出版社 1997.05 |
|
| 页数: | 376页 | |
| 开本: | 32开 | |
| 丛书名: | ||
| 单 册: | ||
| 中图分类: | F113.7 | |
| 科图分类: | ||
| 主题词: | 经济--世界 , 国际经济关系 | |
| 电子资源: | ||
| ISBN: | 7-81035-731-X | |
| 000 | 00685nam0 2200217 45 | |
| 001 | 0010081642 | |
| 005 | 20001008161509.1 | |
| 010 | @a7-81035-731-X@d20.00元 | |
| 100 | @a20001008d1997 km y0chiy0120 ea | |
| 101 | 0 | @achi |
| 105 | @a z 000yy | |
| 200 | 1 | @a经济增长与反通货膨胀的国际比较研究@AJing Ji Zeng Zhang Yu Fan Tong Huo Peng Zhang De GuoJi Bi Jiao Yan Jiu@f史晋川,罗卫东著@FShi Jin Chuan,Luo Wei Dong Zhu |
| 210 | @a杭州@c杭州大学出版社@d1997.05 | |
| 215 | @a376页@d32开 | |
| 606 | 0 | @a经济@x世界 |
| 606 | 0 | @a国际经济关系 |
| 690 | @aF113.7@v3 | |
| 701 | 0 | @a史晋川@4著 |
| 701 | 0 | @a罗卫东@4著 |
| 801 | @aCN@bPftUser@c20001008 | |
| 905 | @b172991-995@dF113.7@eSH113@f5 | |
| 经济增长与反通货膨胀的国际比较研究/史晋川,罗卫东著.-杭州:杭州大学出版社,1997.05 |
| 376页;32开 |
| ISBN 7-81035-731-X:20.00元 |
| ● |
| 相关链接 |
|
|
|
正题名:经济增长与反通货膨胀的国际比较研究
索取号:F113.7/SH113
 
预约/预借
| 序号 | 登录号 | 条形码 | 馆藏地/架位号 | 状态 | 备注 |
| 1 | 172991 | 201729914 | 社科库409/409社科库 67排1列1层/ [索取号:F113.7/SH113] | 在馆 | |
| 2 | 172992 | 201729923 | 社科库409/422社科库 38排4列5层/ [索取号:F113.7/SH113] | 在馆 | |
| 3 | 172993 | 201729932 | 社科库409/422社科库 38排2列4层/ [索取号:F113.7/SH113] | 在馆 | |
| 4 | 172994 | 201729941 | 社科库409/400B社科库 1排2列1层/ [索取号:F113.7/SH113] | 在馆 | |
| 5 | 172995 | 201729950 | 社科库409/409社科库 67排1列1层/ [索取号:F113.7/SH113] | 在馆 |